[Event "ch-FRA w 2016"]
[Site "Agen FRA"]
[Date "2016.08.21"]
[Round "9.5"]
[White "Fischer, Julie"]
[Black "Maisuradze, Nino"]
[Result "0-1"]
[WhiteTitle "WFM"]
[BlackTitle "WGM"]
[WhiteElo "2071"]
[BlackElo "2297"]
[WhiteFideId "699969"]
[BlackFideId "13601717"]
[EventDate "2016.08.13"]

1. e4 c5 2. Nf3 e6 3. b3 a6 4. Bb2 b5 5. d4 cxd4 6. Nxd4 Bb7 7. Bd3 Nc6 8. Nxc6
Bxc6 9. O-O Nf6 10. Qe2 Bc5 11. Nd2 d6 12. e5 dxe5 13. Qxe5 Bd6 14. Qe2 h5 15.
Ne4 Bxh2+ 16. Kxh2 Nxe4 17. Bxe4 Qh4+ 18. Kg1 Qxe4 19. Qxe4 Bxe4 20. f3 Bxc2 21.
Bxg7 Rg8 22. Bf6 Rg6 23. Bh4 Kf8 24. Rac1 Bf5 25. Kf2 Re8 26. Rc6 e5 27. Bf6 e4
28. Rh1 e3+ 29. Ke1 Rc8 30. Rxc8+ Bxc8 31. Rxh5 Rxf6 32. Rh8+ Kg7 33. Rxc8 Rd6
34. Rc2 f5 35. f4 Kg6 36. Ke2 Rd2+ 37. Rxd2 exd2 38. Kxd2 Kh5 39. Ke3 Kg4 40.
Kd4 Kxf4 41. a4 b4 42. a5 Kg3 43. Ke5 Kxg2 44. Kxf5 Kf3 45. Ke5 Ke3 46. Kd5 Kd3
47. Kc5 Kc3 48. Kb6 Kxb3 49. Kxa6 Kc4 50. Kb7 b3 51. a6 b2 52. a7 b1=Q+ 53. Kc8
Qe4 54. Kb8 Qe8+ 55. Kb7 Qd7+ 56. Kb8 Kb5 0-1